01603nam a22002774c 4500003000900000008004100009020001800050040003100068041001800099080001100117100002800128245003900156250002100195264004000216300004200256336002700298337003400325338002800359520072500387521002501112650002701137650002801164942001401192999001301206952010601219AR-BaSMT260427b2025 aga|||br|||| 000 1|spa d a9789877383294 aBSGBbespañolcBSGBerda1 ainghinglés a82-31 1 aMuncaster, Harriet925210aIsadora Moon : bva de excursión aOctava edición 1aBuenos aires : bAlfaguara , c2025 a128 páginas : bilustraciones color 2rdacontentatextobtxt 2rdamedia asin mediaciónbn 2rdacarrieravolumenbnc1 aIsadora Moon es especial porque es diferente. Su mamá es un hada, su papá un vampiro y ella tiene un poquito de los dos. Así que, cuando toda la familia va a acampar junto al mar, suceden algunas cosas que no son demasiado normales... Dormir en una tienda de campaña, encender una hoguera, hacerse amiga de una sirena... ¡todo es especial cuando está Isadora! Con una heroína única, «Isadora Moon» es una encantadora y divertida serie de lecturas ideal para jóvenes lectores que quieren flores y purpurina, pero a los que también les atrae el mundo misterioso de los vampiros.uhttps://www.penguinlibros.com/ar/tematicas/12883-audiolibro-isadora-moon-2-isadora-moon-va-de-excursion-9788420451831  aA partir de 8 años 798aLITERATURA INFANTIL 7934aNOVELA DE AVENTURAS 2ddcaBOOK c627d627 00102ddc40aBSGBbBSGBcVerdeeCompra Feria del Libro 2026i000874l0o82-31 MUNp000874t1yBOOKf